| 000 | 004370000a22001210004500 | ||
|---|---|---|---|
| 090 |
_aAS _bSeriadas |
||
| 245 | 1 | 0 | _aEstudio palino-batánico de algunas especies de Pteridophyta de Colombia |
| 041 | 0 | _aEspañol | |
| 700 | 1 |
_aMurillo Pulido, María Teresa _91390 |
|
| 100 | 1 |
_aSolé de Porta, Nuria _9100360 |
|
| 942 | _cARTICULO | ||
| 773 | 1 |
_tRevista de la Academia Colombiana de Ciencias Exactas, Físicas y Naturales _h111 _q183-218 _d2005 _g29 |
|
| 999 |
_c16194 _d16194 |
||